[Event "Belgrade-chT Quality"]
[Site "Belgrade"]
[Date "2019.10.29"]
[Round "9.4"]
[White "Trailovic, Aleksandar1111"]
[Black "Keserovic, Milan"]
[Result "1/2-1/2"]
[WhiteElo "2154"]
[BlackElo "2156"]
[PlyCount "64"]
[EventDate "2019.10.05"]
[EventType "team-tourn"]
[EventRounds "11"]
[EventCountry "SRB"]
[SourceTitle "EXT 2022"]
[Source "ChessBase"]
[SourceDate "2021.10.06"]
[SourceVersion "1"]
[SourceVersionDate "2021.10.06"]
[SourceQuality "1"]
[WhiteTeam "Teleoptik"]
[BlackTeam "Romanticari"]
[WhiteTeamCountry "SRB"]
[BlackTeamCountry "SRB"]

1. d4 d5 2. c4 e6 3. Nc3 Nf6 4. cxd5 exd5 5. Bg5 c6 6. Qc2 h6 7. Bxf6 gxf6 8. e3 Be6 9. Bd3 Nd7 10. Nge2 Bd6 11. Nf4 Qc7 12. g3 0-0-0 13. 0-0-0 Kb8 14. Kb1 Qa5 15. Qa4 Qxa4 16. Nxa4 f5 17. Nh5 Rhg8 18. h4 Be7 19. Nc3 Nf6 20. Nxf6 Bxf6 21. Ne2 Be7 22. Rc1 Rc8 23. Rhd1 Rc7 24. a3 Rgc8 25. Nf4 a6 26. Rd2 Bd6 27. Rdc2 Ka7 28. Bf1 Re8 29. Re2 Rce7 30. Rce1 Bc8 31. Nh5 Rd8 32. Bh3 Rg8 1/2-1/2

[Event "EU-ch Seniors 65 17th"]
[Site "Sabadell"]
[Date "2017.08.14"]
[Round "3"]
[White "Keserovic, Milan"]
[Black "Renman, Nils Gustaf"]
[Result "0-1"]
[WhiteElo "2155"]
[BlackElo "2353"]
[PlyCount "92"]
[EventDate "2017.08.12"]
[EventType "swiss"]
[EventRounds "9"]
[EventCountry "ESP"]
[SourceTitle "CBM 180 Extra"]
[Source "ChessBase"]
[SourceDate "2017.10.06"]
[SourceVersion "1"]
[SourceVersionDate "2017.10.06"]
[SourceQuality "1"]

1. e4 e6 2. d4 d5 3. Nd2 Nf6 4. e5 Nfd7 5. Bd3 c5 6. c3 Nc6 7. Ne2 f6 8. exf6 Qxf6 9. Nf3 cxd4 10. cxd4 Bd6 11. 0-0 0-0 12. Bc2 Nb4 13. Bb1 e5 14. dxe5 Nxe5 15. Nxe5 Qxe5 16. Ng3 Be6 17. a3 Nc6 18. Qd3 Bf5 19. Qe3 Bxb1 20. Rxb1 Qxe3 21. Bxe3 d4 22. Bd2 Rae8 23. Rfe1 Bxg3 24. hxg3 h5 25. Kf1 Kf7 26. Bf4 Rxe1+ 27. Rxe1 Rd8 28. Re4 Rd5 29. Ke1 Rb5 30. Bc1 Re5 31. Re2 Ke6 32. Bf4 Rxe2+ 33. Kxe2 Kd5 34. Kd3 Na5 35. Bb8 a6 36. Ba7 Nc6 37. Bb6 Ne5+ 38. Kc2 Ke4 39. Bc5 Nd3 40. f3+ Ke3 41. Bf8 g6 42. g4 Ne1+ 43. Kd1 Nxg2 44. gxh5 gxh5 45. Bh6+ Kxf3 46. Bg7 Ke3 0-1

[Event "Belgrade-chT"]
[Site "Belgrade"]
[Date "2014.09.22"]
[Round "3.5"]
[White "Mikluc, Davorin"]
[Black "Keserovic, Milan"]
[Result "0-1"]
[WhiteElo "2030"]
[BlackElo "2209"]
[PlyCount "105"]
[EventDate "2014.09.20"]
[EventType "team-tourn"]
[EventRounds "11"]
[EventCountry "SRB"]
[SourceTitle "CBM 162 Extra"]
[Source "ChessBase"]
[SourceDate "2014.10.17"]
[SourceVersion "1"]
[SourceVersionDate "2014.10.17"]
[SourceQuality "1"]
[WhiteTeam "Grocka"]
[BlackTeam "Romanticari"]
[WhiteTeamCountry "SRB"]
[BlackTeamCountry "SRB"]

1. e4 e5 2. Nf3 Nc6 3. Bb5 a6 4. Ba4 Nf6 5. 0-0 Be7 6. Re1 b5 7. Bb3 d6 8. h3 Na5 9. d3 0-0 10. Nbd2 g6 11. Nf1 Nxb3 12. axb3 Nh5 13. d4 exd4 14. Nxd4 Bb7 15. Nf5 Bg5 16. N5g3 Nxg3 17. Nxg3 Bxc1 18. Qxc1 Qf6 19. c4 b4 20. c5 d5 21. e5 Qc6 22. Qg5 f6 23. exf6 Qxf6 24. Qxf6 Rxf6 25. Re7 Rf7 26. Rae1 Kf8 27. Rxf7+ Kxf7 28. Re3 a5 29. Ne2 a4 30. bxa4 Rxa4 31. Nd4 Ra1+ 32. Kh2 Rd1 33. c6 Ba8 34. Ne6 d4 35. Re4 d3 36. Nd8+ Kf6 37. Rxb4 Ke5 38. Rb3 Ke4 39. Kg3 Rc1 40. Ne6 d2 41. Ng5+ Kf5 42. Rb5+ Kf6 43. Ne4+ Ke6 44. Nxd2 Bxc6 45. Rb8 Rd1 46. Nc4 Rd3+ 47. Ne3 h5 48. Rg8 Kf7 49. Rc8 Rd7 50. h4 Bb5 51. Rh8 Kf6 52. Re8 Rd2 53. b4 0-1

[Event "Belgrade-chT"]
[Site "Belgrade"]
[Date "2013.10.21"]
[Round "10.2"]
[White "Zmijanac, Dusko"]
[Black "Keserovic, Milan"]
[Result "1/2-1/2"]
[WhiteElo "2172"]
[BlackElo "2193"]
[PlyCount "85"]
[EventDate "2013.10.12"]
[EventType "team-tourn"]
[EventRounds "11"]
[EventCountry "SRB"]
[SourceTitle "EXT 2014"]
[Source "ChessBase"]
[SourceDate "2013.11.20"]
[SourceVersion "1"]
[SourceVersionDate "2013.11.20"]
[SourceQuality "1"]
[WhiteTeam "Post Stedionica"]
[BlackTeam "Romanticari"]
[WhiteTeamCountry "SRB"]
[BlackTeamCountry "SRB"]

1. d4 Nf6 2. Bg5 c5 3. Nc3 cxd4 4. Qxd4 Nc6 5. Qh4 d6 6. e4 Qa5 7. 0-0-0 Be6 8. a3 Rc8 9. f4 a6 10. f5 Bd7 11. Bd2 Ne5 12. Nf3 Qc7 13. Nxe5 dxe5 14. Bd3 e6 15. g4 exf5 16. gxf5 b5 17. Rhg1 Bc6 18. Rde1 Qb7 19. Qg3 Nd7 20. Na2 f6 21. Nb4 Nc5 22. Nxc6 Qxc6 23. Kb1 Nxd3 24. Qxd3 Qc4 25. Rg3 Qxd3 26. cxd3 Kf7 27. Reg1 Rg8 28. h4 Bc5 29. R1g2 g6 30. Bh6 Bf8 31. Be3 Bc5 32. fxg6+ hxg6 33. Bd2 Bd4 34. Bb4 f5 35. Rf3 f4 36. Rg5 Rc6 37. Bc3 Bxc3 38. bxc3 Rxc3 39. Rxe5 Kg7 40. Rd5 Rxa3 41. Rxf4 Rc8 42. h5 Rcc3 43. Rg5 1/2-1/2

[Event "Gligoric Cup 1st"]
[Site "Banja Koviljaca"]
[Date "2013.05.22"]
[Round "3.7"]
[White "Drljevic, Ljilja"]
[Black "Keserovic, Milan"]
[Result "1/2-1/2"]
[WhiteElo "2174"]
[BlackElo "2202"]
[PlyCount "62"]
[EventDate "2013.05.20"]
[EventType "team-swiss"]
[EventRounds "7"]
[EventCountry "SRB"]
[SourceTitle "CBM 154 Extra"]
[Source "ChessBase"]
[SourceDate "2013.06.25"]
[SourceVersion "2"]
[SourceVersionDate "2013.06.25"]
[SourceQuality "1"]
[WhiteTeam "Belgrade BAS"]
[BlackTeam "Belgrade Romanticari"]
[WhiteTeamCountry "SRB"]
[BlackTeamCountry "SRB"]

1. Nf3 f5 2. g3 Nf6 3. Bg2 g6 4. b4 Bg7 5. Bb2 0-0 6. 0-0 d6 7. d4 Ne4 8. c4 c5 9. Nbd2 Nc6 10. b5 Nxd2 11. Qxd2 Nxd4 12. Nxd4 cxd4 13. Bxd4 Qc7 14. c5 dxc5 15. Bxg7 Kxg7 16. Qc3+ Rf6 17. Rfc1 a6 18. Rab1 axb5 19. Rxb5 Qd6 20. Rxc5 Be6 21. a3 Ra7 22. Rb1 b6 23. Rc6 Qxa3 24. Qe5 Ra5 25. Qd4 Qa2 26. Qxb6 Bf7 27. Rxf6 exf6 28. Bf3 Ra3 29. Qb7 Rb3 30. Rxb3 Qxb3 31. Qxb3 Bxb3 1/2-1/2

[Event "Gligoric Cup 1st"]
[Site "Banja Koviljaca"]
[Date "2013.05.21"]
[Round "2.6"]
[White "Keserovic, Milan"]
[Black "Biljanic, Ljubomir"]
[Result "0-1"]
[WhiteElo "2202"]
[BlackElo "2347"]
[PlyCount "95"]
[EventDate "2013.05.20"]
[EventType "team-swiss"]
[EventRounds "7"]
[EventCountry "SRB"]
[SourceTitle "CBM 154 Extra"]
[Source "ChessBase"]
[SourceDate "2013.06.25"]
[SourceVersion "2"]
[SourceVersionDate "2013.06.25"]
[SourceQuality "1"]
[WhiteTeam "Belgrade Romanticari"]
[BlackTeam "Trepca"]
[WhiteTeamCountry "SRB"]
[BlackTeamCountry "SRB"]

1. e4 d6 2. d4 Nf6 3. Nc3 c6 4. Nf3 Bg4 5. Be2 Qc7 6. a4 Nbd7 7. 0-0 g6 8. Be3 Bg7 9. Qd2 0-0 10. h3 Bxf3 11. Bxf3 Rfe8 12. Rfd1 a5 13. g4 Nf8 14. Bg2 e5 15. f4 Ne6 16. fxe5 dxe5 17. d5 Nd4 18. Ne2 cxd5 19. exd5 Rad8 20. Nxd4 exd4 21. Bxd4 Nxd5 22. Qf2 Bxd4 23. Rxd4 Nb4 24. Rxd8 Rxd8 25. Qf3 Nxc2 26. Rc1 Qb6+ 27. Kh1 Qxb2 28. Rf1 Qg7 29. Rc1 Nd4 30. Qxb7 Qe5 31. Rf1 Qe8 32. Qa7 Ne2 33. Qf2 Rd3 34. Re1 Re3 35. Rd1 Qe5 36. Rd5 Rxh3+ 37. Bxh3 Qxd5+ 38. Bg2 Qd2 39. Bf1 Qh6+ 40. Kg2 Nf4+ 41. Kg3 g5 42. Qc5 Qh4+ 43. Kf3 Qh1+ 44. Kf2 Qd5 45. Qc8+ Kg7 46. Qc3+ Kh6 47. Qc8 Qd4+ 48. Kf3 0-1

[Event "Gligoric Cup 1st"]
[Site "Banja Koviljaca"]
[Date "2013.05.20"]
[Round "1.5"]
[White "Kojovic, Dragan"]
[Black "Keserovic, Milan"]
[Result "1-0"]
[WhiteElo "2406"]
[BlackElo "2202"]
[PlyCount "111"]
[EventDate "2013.05.20"]
[EventType "team-swiss"]
[EventRounds "7"]
[EventCountry "SRB"]
[SourceTitle "CBM 154 Extra"]
[Source "ChessBase"]
[SourceDate "2013.06.25"]
[SourceVersion "2"]
[SourceVersionDate "2013.06.25"]
[SourceQuality "1"]
[WhiteTeam "Gorni Milanovac"]
[BlackTeam "Belgrade Romanticari"]
[WhiteTeamCountry "SRB"]
[BlackTeamCountry "SRB"]

1. e4 e5 2. Nc3 Nf6 3. g3 Nc6 4. Bg2 Bc5 5. d3 d6 6. h3 a6 7. Be3 Nd4 8. a3 h5 9. Qd2 b5 10. Nf3 Bb7 11. Bxd4 Bxd4 12. Nxd4 exd4 13. Ne2 c5 14. Qg5 g6 15. 0-0 Nd7 16. Qd2 Qe7 17. c3 dxc3 18. Nxc3 0-0 19. f4 f6 20. Rae1 Qg7 21. h4 Rae8 22. Qf2 Kh8 23. Bh3 Bc8 24. Nd5 Nb8 25. Bxc8 Rxc8 26. f5 Nc6 27. Nf4 gxf5 28. Nxh5 Qg4 29. Qxf5 Ne5 30. Qxg4 Nxg4 31. Rf4 Rg8 32. Kg2 Rg6 33. Kh3 Ne5 34. Rd1 Nd7 35. Rf5 Kg8 36. Nf4 Rh6 37. Nd5 Kg7 38. Rf2 Kf7 39. Rdf1 Ke6 40. Rf5 c4 41. d4 a5 42. Nf4+ Kf7 43. Rxb5 c3 44. bxc3 Rxc3 45. Rxa5 Rc4 46. Ra7 Ke8 47. Rb1 Rxd4 48. Rbb7 Rh7 49. Ra8+ Ke7 50. Rxd7+ Kxd7 51. Ra7+ Kc6 52. Rxh7 Rxe4 53. Rf7 Ra4 54. h5 Rxa3 55. h6 Ra1 56. Kh4 1-0

[Event "SRB-chT"]
[Site "Valjevo"]
[Date "2012.09.23"]
[Round "7.4"]
[White "Keserovic, Milan"]
[Black "Radojevic, Sasa"]
[Result "1-0"]
[WhiteElo "2201"]
[BlackElo "2027"]
[PlyCount "115"]
[EventDate "2012.09.17"]
[EventType "team-tourn"]
[EventRounds "11"]
[EventCountry "SRB"]
[SourceTitle "CBM 150 Extra"]
[Source "ChessBase"]
[SourceDate "2012.10.19"]
[SourceVersion "1"]
[SourceVersionDate "2012.10.19"]
[SourceQuality "1"]
[WhiteTeam "Belgrade Romanticari"]
[BlackTeam "Belgrade Lasta"]
[WhiteTeamCountry "SRB"]
[BlackTeamCountry "SRB"]

1. e4 c5 2. Nf3 d6 3. c3 Nf6 4. Be2 Nc6 5. d4 Bg4 6. 0-0 e6 7. d5 Bxf3 8. Bxf3 Ne5 9. dxe6 fxe6 10. Be2 Be7 11. f4 Nc6 12. Qb3 Qd7 13. e5 Nd5 14. f5 Nc7 15. f6 gxf6 16. Bh5+ Kd8 17. exf6 Bf8 18. Na3 b5 19. Bg5 c4 20. Qc2 Ne5 21. Qe2 Nd5 22. Nc2 Kc7 23. Ne3 Rg8 24. Bh4 Bh6 25. Nxd5+ exd5 26. Rad1 Nd3 27. Rxd3 cxd3 28. Qxd3 Raf8 29. Kh1 Bg5 30. f7 Rg7 31. Qd4 Bh6 32. Qxa7+ Kc6 33. Qa6+ Kc7 34. Qa7+ Kc6 35. Qd4 Rgxf7 36. Bxf7 Rxf7 37. Rxf7 Qxf7 38. Bf2 Kd7 39. Qa7+ Ke6 40. Qxf7+ Kxf7 41. Kg1 Bc1 42. b3 Bb2 43. Bd4 Ba3 44. Kf2 Ke6 45. g4 Kf7 46. Ke2 Kg6 47. h4 Kf7 48. Kd2 Ke6 49. b4 Kf7 50. Kc2 Ke6 51. Be3 d4 52. Bxd4 Kd5 53. Bg7 Kc4 54. h5 Kd5 55. g5 Ke6 56. Bd4 Kf5 57. g6 hxg6 58. h6 1-0

[Event "Belgrade-chT"]
[Site "Belgrade"]
[Date "2011.10.08"]
[Round "7.5"]
[White "Keserovic, Milan"]
[Black "Todic, Zoran"]
[Result "1-0"]
[WhiteElo "2192"]
[BlackElo "2240"]
[PlyCount "107"]
[EventDate "2011.10.01"]
[EventType "team-tourn"]
[EventRounds "11"]
[EventCountry "SRB"]
[SourceTitle "CBM 144 Extra"]
[Source "ChessBase"]
[SourceDate "2011.10.28"]
[SourceVersion "1"]
[SourceVersionDate "2011.10.28"]
[SourceQuality "1"]
[WhiteTeam "Romanticari"]
[BlackTeam "Bogoslov"]
[WhiteTeamCountry "YUG"]
[BlackTeamCountry "YUG"]

1. e4 e5 2. Nf3 d6 3. d4 Nd7 4. Bc4 c6 5. Nc3 Be7 6. dxe5 dxe5 7. Ng5 Bxg5 8. Qh5 g6 9. Qxg5 f6 10. Qh4 Qe7 11. Be3 b5 12. Bb3 Nf8 13. 0-0-0 a5 14. a4 b4 15. Nb1 Ne6 16. f3 f5 17. Qf2 fxe4 18. Nd2 Nf6 19. Nc4 0-0 20. Nxe5 Qc7 21. f4 Kg7 22. Bb6 Qb7 23. g3 c5 24. Bxc5 Nxc5 25. Qxc5 Bh3 26. Rhe1 Rfc8 27. Qe3 Rc7 28. Rd6 Ra6 29. Rxa6 Qxa6 30. Qd4 h5 31. Kb1 Bf5 32. Qd8 Qa7 33. Rd1 Rc8 34. Qd6 e3 35. Re1 Ne4 36. Nc6 Qc5 37. Qxc5 Nxc5 38. Ne7 Rd8 39. Nxf5+ gxf5 40. Rxe3 Rd1+ 41. Ka2 Ne4 42. Bc4 Rh1 43. Bd3 Nc5 44. Bxf5 Kf6 45. Re5 b3+ 46. cxb3 Rc1 47. h3 Kf7 48. Be4 Kf6 49. g4 h4 50. g5+ Kg7 51. f5 Kf7 52. f6 Kg8 53. g6 Kf8 54. Bf3 1-0

[Event "SRB-chT quality"]
[Site "Belgrade"]
[Date "2010.10.17"]
[Round "4"]
[White "Bura, Radovan"]
[Black "Keserovic, Milan"]
[Result "1/2-1/2"]
[WhiteElo "2199"]
[BlackElo "2194"]
[PlyCount "109"]
[EventDate "2010.10.09"]
[EventType "team-tourn"]
[EventRounds "11"]
[EventCountry "YUG"]
[SourceTitle "EXT 2011"]
[Source "ChessBase"]
[SourceDate "2010.11.26"]
[SourceVersion "1"]
[SourceVersionDate "2010.11.26"]
[SourceQuality "1"]

1. e4 e5 2. Nf3 Nc6 3. Nc3 Nf6 4. Bc4 Nxe4 5. Nxe4 d5 6. Bb5 dxe4 7. Nxe5 Qd5 8. Bxc6+ bxc6 9. Ng4 Ba6 10. Ne3 Qe5 11. Qg4 Bc5 12. Qg3 Qxg3 13. hxg3 0-0 14. Rh5 Bb6 15. b3 g6 16. Rh4 f5 17. Bb2 Rad8 18. 0-0-0 Rd7 19. Bc3 Bc5 20. Rdh1 Re8 21. Re1 Rde7 22. Rh6 Re6 23. Reh1 R6e7 24. Re1 Rf7 25. Rh4 h5 26. Kd1 Be7 27. Rh3 Bc5 28. Rh4 Rd7 29. Rhh1 Rd6 30. Kc1 Bd4 31. f3 Bxc3 32. dxc3 Re7 33. c4 Rde6 34. f4 Rd6 35. Rd1 Red7 36. Rxd6 Rxd6 37. Rd1 Kf7 38. c5 Rxd1+ 39. Kxd1 Ke6 40. c4 Bc8 41. Kd2 Kf6 42. Kc3 g5 43. Kd4 h4 44. fxg5+ Kxg5 45. Nf1 hxg3 46. Nxg3 Kg4 47. Ne2 Be6 48. Ke3 Bf7 49. g3 Be8 50. Kf2 Kg5 51. Ke3 Bh5 52. Nd4 Kg4 53. Kf2 Be8 54. Ne2 Kg5 55. Ke3 1/2-1/2

[Event "Belgrade-chT Quality"]
[Site "Belgrade"]
[Date "2008.11.11"]
[Round "10"]
[White "Keserovic, Milan"]
[Black "Cvetkovic, Nemanja"]
[Result "1-0"]
[WhiteElo "2217"]
[BlackElo "2246"]
[PlyCount "111"]
[EventDate "2008.11.01"]
[EventType "team-swiss"]
[EventRounds "11"]
[EventCountry "YUG"]
[SourceTitle "CBM 127 Extra"]
[Source "ChessBase"]
[SourceDate "2009.01.08"]
[SourceVersion "2"]
[SourceVersionDate "2009.01.28"]
[SourceQuality "1"]

1. e4 c5 2. Nf3 d6 3. c3 Nf6 4. Be2 Nc6 5. d4 cxd4 6. cxd4 Bg4 7. Nc3 g6 8. d5 Bxf3 9. Bxf3 Ne5 10. Be2 Bg7 11. f4 Ned7 12. Be3 0-0 13. 0-0 a6 14. Bf3 Rc8 15. Qd2 b5 16. a4 Nc5 17. axb5 axb5 18. e5 Ne8 19. Qf2 b4 20. Nb5 Nb3 21. Ra7 Rb8 22. Nd4 Nxd4 23. Bxd4 dxe5 24. fxe5 Nc7 25. d6 exd6 26. Bb6 Rxb6 27. Qxb6 Ne6 28. Qxd8 Nxd8 29. Ra4 dxe5 30. Rxb4 Bh6 31. Bd5 Be3+ 32. Kh1 Kg7 33. Rb8 f5 34. b4 Ne6 35. Rb7+ Rf7 36. Rxf7+ Kxf7 37. g4 Kf6 38. gxf5 gxf5 39. Ra1 Nc7 40. Bc4 e4 41. Rd1 Ke7 42. b5 Na8 43. Bg8 h6 44. Bh7 Ke6 45. Rf1 f4 46. Bxe4 Nc7 47. Rb1 Bb6 48. Bf3 Ke5 49. Re1+ Kd4 50. Re4+ Kd3 51. Re7 Kc4 52. Be2+ Kc5 53. Kg2 Nd5 54. Re6 h5 55. Re5 Kd4 56. Rxh5 1-0